000 00204 a2200109 4500
020 _a9781455515936
041 _aeng
100 _aJames Patterson
245 _aPrivate vegas
942 _cBK
952 _74
999 _c19561
_d19561